Statistics for Geographical Locations starting with X, Y, Z

Click here to take the quiz!

General Stats

  • This quiz has been taken 77 times
    (58 since last reset)
  • The average score is 16 of 21

Answer Stats

HintAnswer% Correct
Capital of CroatiaZagreb
100%
Country in the Middle EastYemen
98%
Former country on the Balkan PeninsulaYugoslavia
98%
Former name of Democratic Republic of CongoZaire
98%
The largest city in SwitzerlandZurich
96%
The name of the president of China{Xi} Jinping
94%
The longest river in Asia{Yangtze} River
94%
A national park of the USA, located in Montana, Idaho and WyomingYellowstone
91%
The smallest and westernmost of Canada's three territoriesYukon
91%
Island region of Tanzania in the Indian Ocean
Zanzibar
89%
The fourth-longest river in Africa{Zambezi} River
81%
Countries with an "X" in its spellingMexico
80%
Capital of the Canadian province of Nova Scotia that ends in "X"Halifax
76%
The capital city of the region of Aragon, in SpainZaragoza
76%
A mountain in Israel upon which Jerusalem is builtZion
74%
Capital of CameroonYaoundé
72%
The largest island of DenmarkZealand
67%
Luxembourg
63%
Capital of the Northwest Territories, CanadaYellowknife
54%
The capital and largest city of Henan Province in ChinaZhengzhou
37%
A major river in Brazil that flows north into the Amazon deltaXingu
19%

Score Distribution

Percentile by Number Answered

Percent of People with Each Score

Your Score History

You have not taken this quiz since the last reset